000 01342nam a2200205 a 4500
008 130708s2012 ||||||||||||||||| || u
050 _aHC 79.C63 Why
110 _aCompetition and Consumer Protection Commission (Zambia)
245 1 0 _aWhy should Zambian consumers be interested in competition policy and law
260 _aLusaka
_bCompetion and Consumer Protection Commission
_c2012
300 _aiv, 45p
650 _aINDEPENDENT CONSUMER AND COMPETITION COMMISSION
650 _aCONSUMER PROTECTION--LAW AND LEGISLATION--ZAMBIA
710 _aCUTS International Lusaka
995 _aANNEX COLLECTION (Main Library)
_e744132
_FCBU-MAIN LIBRARY (Kitwe)
_jHC 79.C63 Why
_M3
_UAVAILABLE
_WJul 8, 2013
_y744132
_ZAnnex Low-Usage Collection
995 _aSPECIAL COLLECTIONS
_e744130
_FCBU-MAIN LIBRARY (Kitwe)
_jZAM HC 79.C63 Why
_M1
_UAVAILABLE
_WJul 8, 2013
_y744130
_ZZambiana Collection
995 _aANNEX COLLECTION (Main Library)
_e744134
_FCBU-MAIN LIBRARY (Kitwe)
_jHC 79.C63 Why
_M5
_UAVAILABLE
_WJul 8, 2013
_y744134
_ZAnnex Low-Usage Collection
995 _aSPECIAL COLLECTIONS
_e744131
_FCBU-MAIN LIBRARY (Kitwe)
_jZAM HC 79.C63 Why
_M2
_UAVAILABLE
_WJul 8, 2013
_y744131
_ZZambiana Collection
995 _aANNEX COLLECTION (Main Library)
_e744133
_FCBU-MAIN LIBRARY (Kitwe)
_jHC 79.C63 Why
_M4
_UAVAILABLE
_WJul 8, 2013
_y744133
_ZAnnex Low-Usage Collection
999 _c83125
_d83125